00349nam a2200109Ia 4500008004100000020001500041100002500056245008700081250001100168260004200179300001800221180219s9999 xx 000 0 und d a9715842976 aArcaina, Arnold F.d. 2aA learning guide for allied health students towards community health development / a1st ed aQuezon City :bC & E Publishingc1999 aii, 100 pages